000
00360nam a2200169Ia 4500
008
210210b xxu||||| |||| 00| 0 eng d
041
_a
eng
082
_a
444/548
100
_a
SPENCER
245
_a
Contes en prose
260
_a
London
_b
Edward Arnold & Co
_c
650
_a
prose
650
_a
en
650
_a
Contes
690
_a
French
906
_a
006742
999
_c
129734
_d
129734